|
|
|
|
| LEADER |
00000nab a2200000 a 4500 |
| 001 |
vtls000897556 |
| 003 |
SK-MaSNL |
| 005 |
20260305000319.0 |
| 008 |
040720e19980321xo 0 slo |
| 035 |
|
|
|a KE6579
|
| 040 |
|
|
|a KEVKJB
|b slo
|c KEVKJB
|e AACR2
|
| 041 |
0 |
|
|a slo
|
| 044 |
|
|
|a xo
|c SK
|
| 080 |
|
|
|a 027.54
|2 1981
|
| 100 |
1 |
|
|a Hriadelová, Miloslava
|4 aut
|9 348764
|
| 245 |
1 |
0 |
|a Výstava putuje dejinami literatúry
|b Krajská knižnica predstavuje vzácne tlače od renesancie až po realizmus
|
| 610 |
2 |
7 |
|a Krajská štátna knižnica (Košice, Slovensko)
|2 KEVKJB
|9 32737
|
| 610 |
2 |
7 |
|a Štátna vedecká knižnica v Košiciach
|2 KEVKJB
|9 252348
|
| 611 |
1 |
7 |
|a Dni knižníc Košického kraja
|2 KEVKJB
|9 879214
|
| 650 |
0 |
7 |
|a Dobový hlas slovenských literátov od humanizmu po začiatok 20. storočia
|2 KEVKJB
|9 1574746
|
| 650 |
0 |
7 |
|a výstavy
|2 KEVKJB
|9 2780
|
| 650 |
0 |
7 |
|a vzácne tlače
|2 KEVKJB
|9 59774
|
| 650 |
0 |
7 |
|a informácie
|2 KEVKJB
|9 1285
|
| 651 |
|
7 |
|a Košice (Slovensko)
|2 KEVKJB
|9 18694
|
| 651 |
|
7 |
|a KE,
|2 KEVKJB
|9 877256
|
| 651 |
|
7 |
|a KE,
|2 KEVKJB
|9 877256
|
| 655 |
|
7 |
|a periodikum
|2 snkbucl
|9 29553
|
| 710 |
2 |
|
|a Krajská štátna knižnica (Košice, Slovensko)
|4 aut
|9 32737
|
| 773 |
0 |
8 |
|t Korzár
|g Roč. 1, č.34, 21.3.1998, s. 4
|
| 852 |
|
|
|a ZVYKNI
|b KIS3GCP
|
| 999 |
|
|
|c 3213073
|d 3215003
|